All Dutch Players Current Primera División Teams - Statistics

General Stats
  • This quiz has been taken 15 times
  • The average score is 25 of 74
Answer Stats
Hint Answer % Correct
FC Barcelona Frenkie De Jong
100%
FC Barcelona Luuk De Jong
100%
Sevilla FC Luuk De Jong
100%
Real Madrid Ruud Van Nistelrooy
88%
Real Madrid Clarence Seedorf
75%
FC Barcelona Frank De Boer
75%
FC Barcelona Johan Cruyff
75%
Celta De Vigo Jordi Cruyff
75%
FC Barcelona Jordi Cruyff
75%
FC Barcelona Marc Overmars
75%
Atlético Madrid Memphis Depay
75%
FC Barcelona Memphis Depay
75%
FC Barcelona Ronald De Boer
75%
Real Madrid Wesley Sneijder
75%
Real Madrid Arjen Robben
63%
FC Barcelona Edgar Davids
63%
FC Barcelona Giovanni Van Bronckhorst
63%
FC Barcelona Jasper Cillessen
63%
Valencia CF Jasper Cillessen
63%
Valencia CF Justin Kluivert
63%
FC Barcelona Patrick Kluivert
63%
Valencia CF Patrick Kluivert
63%
Real Betis Rafael Van Der Vaart
63%
Real Madrid Rafael Van Der Vaart
63%
Real Madrid Royston Drenthe
63%
Villarreal CF Arnaut Danjuma
50%
FC Barcelona Ibrahim Afellay
50%
Real Madrid Klaas-Jan Huntelaar
50%
FC Barcelona Mark Van Bommel
50%
FC Barcelona Phillip Cocu
50%
Girona FC Daley Blind
38%
Sevilla FC Karim Rekik
38%
FC Barcelona Michael Reiziger
38%
FC Barcelona Ronald Koeman
38%
FC Barcelona Boudewijn Zenden
25%
UD Las Palmas Daley Sinkgraven
25%
FC Barcelona Johan Neeskens
25%
Atlético Madrid John Heitinga
25%
Celta De Vigo Wesley Hoedt
25%
Sevilla FC Hedwiges Maduro
13%
Valencia CF Hedwiges Maduro
13%
Atlético Madrid Jimmy Floyd Hasselbaink
13%
Sevilla FC Khalid Boulahrouz
13%
FC Barcelona Ludovit Reis
13%
Real Betis Ricky Van Wolfswinkel
13%
RCD Mallorca Sander Westerveld
13%
Real Sociedad Sander Westerveld
13%
UD Almería Sander Westerveld
13%
FC Barcelona Winston Bogarde
13%
RCD Mallorca Arnold Bruggink
0%
Cádiz CF Bobby Adekanye
0%
Celta De Vigo Daniël De Ridder
0%
Rayo Vallecano Dave Van Den Bergh
0%
Valencia CF Faas Wilkes
0%
CA Osasuna Fabian De Freitas
0%
Real Betis Gerrie Mühren
0%
RCD Mallorca Gianni Zuiverloon
0%
Villarreal CF Jan Kromkamp
0%
Real Sociedad Jeffrey Sarpong
0%
CA Osasuna Jerry Simons
0%
Real Madrid John Metgod
0%
Valencia CF Johnny Rep
0%
RCD Mallorca Jonathan De Guzmán
0%
Villarreal CF Jonathan De Guzmán
0%
Atlético Madrid Kiki Musampa
0%
Valencia CF Lion Kaak
0%
Cádiz CF Lucas Bijker
0%
Sevilla FC Quincy Promes
0%
FC Barcelona Richard Witschge
0%
Celta De Vigo Rick Hoogendorp
0%
Rayo Vallecano Robert Gehring
0%
FC Barcelona Ruud Hesp
0%
Sevilla FC Tarik Oulida
0%
Rayo Vallecano Yassine Abdellaoui
0%
No matching quizzes found
Score Distribution
Percent of People with Each Score
Percentile by Number Answered
Your Score History
You have not taken this quiz